| 000 | 00752nam a22002417a 4500 | ||
|---|---|---|---|
| 001 | 62264 | ||
| 003 | BD-RjUL | ||
| 005 | 20211209081049.0 | ||
| 008 | 170123s1968 nyua|||| b||| 001 0 eng d | ||
| 035 | _a(BD-RjUL)62390 | ||
| 040 |
_aBD-RjUL _beng _cBD-RjUL _dBD-RjUL |
||
| 041 | _aeng | ||
| 082 |
_223 _a796.34209 _bWHT 1968 |
||
| 100 |
_aWhitman, Malcolm D. _9185197 |
||
| 245 |
_aTennis : _bOrigins and Mysteries / _cMalcolm D. Whitman; Robert W. Henderson |
||
| 260 |
_aNew York : _bThe Derrydale Press, _c1968. |
||
| 300 |
_a258 p. : _bill. ; _c24 cm. |
||
| 504 | _aInclude Bibliography and index. | ||
| 650 |
_aTennis _vHistory. _9185198 |
||
| 650 |
_aTennis _vBibliography. _9185199 |
||
| 700 |
_aHenderson, Robert W. _9185200 |
||
| 942 |
_2ddc _cBK |
||
| 999 |
_c62264 _d62264 |
||